Statistics for Portuguese Fruit Vocabulary

Click here to take the quiz!

General Stats

  • This quiz has been taken 265 times
    (264 since last reset)
  • The average score is 17 of 31

Answer Stats

HintAnswer% Correct
bananabanana
93%
applemaçã
93%
limelima
90%
orangelaranja
89%
tomatotomate
87%
lemonlimão
81%
kiwikiwi
79%
grapeuva
79%
melonmelão
78%
pearpêra
78%
mangomanga
77%
strawberrymorango
74%
pineappleabacaxi
69%
watermelonmelancia
62%
cherrycereja
58%
tangerinetangerina
56%
avocadoabacate
54%
peachpêssego
53%
blackberryamora
45%
oliveazeitona
44%
raspberryframboesa
44%
papayamamão
42%
blueberrymirtilo
40%
plumameixa
36%
guavagoiaba
34%
apricotdamasco
31%
pomegraniteromã
24%
berrybaga
22%
grapefruitpomelo
17%
cranberryuva-do-monte
10%
plantaintanchagem
9%

Score Distribution

Percentile by Number Answered

Percent of People with Each Score

Your Score History

You have not taken this quiz since the last reset